| 000 | 00759nam a22002417a 4500 | ||
|---|---|---|---|
| 999 |
_c13905 _d13905 |
||
| 003 | AR-CdUCM | ||
| 008 | 190416b ||||| |||| 00| 0 spa d | ||
| 040 |
_aMUNICIPALIDAD PROVINCIAL DEL CUSCO _cBIBLIOTECA MUNICIPAL DEL CUSCO |
||
| 082 |
_aC / 985.611 / _bV66 |
||
| 100 |
_aVillanueva U., Horacio _930021 |
||
| 245 | _aLa compañía de Jesús en el Cuzco / | ||
| 260 |
_aCuzco : _bH.G Rozas, _c1949. |
||
| 300 |
_a30 paginas ; _bIlustraciones, _c21 cm. |
||
| 500 | _aDedicatoria | ||
| 505 | _aContenido :Iglesia de La Compañia. | ||
| 650 |
_aIglesia _91428 |
||
| 650 |
_aMonumento _931417 |
||
| 650 |
_aTemplo _929723 |
||
| 650 |
_aCompañía de Jesús _915260 |
||
| 650 |
_aArte decorativo _913191 |
||
| 942 |
_2ddc _cLIBROS |
||
| 945 |
_aacv _d2016-04-16 |
||